<?xml version="1.0" encoding="UTF-8"?>
<record
    xmlns:xsi="http://www.w3.org/2001/XMLSchema-instance"
    xsi:schemaLocation="http://www.loc.gov/MARC21/slim http://www.loc.gov/standards/marcxml/schema/MARC21slim.xsd"
    xmlns="http://www.loc.gov/MARC21/slim">

  <leader>00196nam a2200085   4500</leader>
  <controlfield tag="001">1255840</controlfield>
  <controlfield tag="005">20251215152358.0</controlfield>
  <datafield tag="245" ind1=" " ind2=" ">
    <subfield code="a">AYASOFYA DA B&#x130;R GECE</subfield>
    <subfield code="c">RANA DEM&#x130;R&#x130;Z</subfield>
  </datafield>
  <datafield tag="260" ind1=" " ind2=" ">
    <subfield code="b">T&#x130;MA&#x15E; YAYINLARI</subfield>
  </datafield>
  <datafield tag="999" ind1=" " ind2=" ">
    <subfield code="c">1255840</subfield>
    <subfield code="d">1255840</subfield>
  </datafield>
  <datafield tag="952" ind1=" " ind2=" ">
    <subfield code="0">0</subfield>
    <subfield code="1">0</subfield>
    <subfield code="2">ddc</subfield>
    <subfield code="4">0</subfield>
    <subfield code="7">0</subfield>
    <subfield code="a">1008</subfield>
    <subfield code="b">1008</subfield>
    <subfield code="d">2025-12-15</subfield>
    <subfield code="l">5</subfield>
    <subfield code="p">10087098</subfield>
    <subfield code="r">2026-04-10 15:03:21</subfield>
    <subfield code="s">2026-04-07</subfield>
    <subfield code="w">2025-12-15</subfield>
    <subfield code="y">BK</subfield>
  </datafield>
</record>
